000
00322nam a22001457a 4500
003
SGT
020
_a
8173042489
082
_a
320.954
_b
P99P
100
_a
PRASAD, BIMAL
245
_a
PATHWAY TO INDIA;S PARTITION
260
_b
MANOHAR PUBLISHERS
_c
1999
300
_a
319
650
_a
POLITICAL SCIENCE
942
_2
ddc
_c
BK
999
_c
27574
_d
27574